1628 1271 1421 1413 1025 1726 1613 1641 1117 1894 1206 1574 1163 1855 1443 1128 1024 1940 1956 1705 1145 1907 1457 1157 1629 1757 1019 1668 1613 1489 1470 1125 1017 1941 1417 1955 1075 1321 1408 1106 1529 1871 1192 1732 1061 1860 1838 1025 1051 1829 1611 1030 1644 1218 1830 1088 1186 1908 1498 1183 1859 1090 1029 1552 1081 1549 1164 1378 1931 1861 1920 1119 1909 1484 1666 1966 1712 1221 1170 1822 1153 1945 1949 1125 1919 1641 1935 1945 1787 1249 1096 1977 1270 1549 1971 1693 1740 1442 1959 BCNSPRNW ULIB Ver.6.0+V

เปลี่ยนเป็นภาษาไทย

Change to English
 แสดงรายละเอียดบรรณานุกรม
  กลับหน้าหลัก

Brief Record : Get Marc (ISO 2709) : E-mail record : QR code < ปิดหน้าต่าง
LEADER : 00000nam 2200000uu 4500
001    13399127141
003     ULIB
008    020711s2019 th a 000 0 eng d
020    ^a9780323532006
060    ^aWY100^bS974A
100    ^aSwearingen, Pamela L. and Jacqueline Wright
245    ^aAll-in-One Nursing Care Planning Resource: Medical-Surgical, Pediatric, Maternity, and Psychiatric-Mental Health
250    ^a5th ed
260    ^aLouis, Missouri :^bElsevier,^c2019
300    ^a806 pages;^b30 cm
650    ^aNursing Care Planning
945    ^p1730^l0^i006331
999    ^aประนอม เกษจรัล
รายการนี้ยังไม่มีแท็ก
คุณยังไม่ได้ล็อกอิน คุณสามารถมีกิจกรรมร่วมกับเว็บไซต์ได้ แต่ต้องล็อกอินก่อน ::
  ล็อกอิน

รายการสื่อสารสนเทศ

ลำดับที่ ประเภท เลขเรียก/บาร์โค้ด สถานที่ สถานะ
1. Book การพยาบาล
Book การพยาบาล
WY100 S974A ฉ.1 
  Barcode: 006331
ห้องสมุดวิทยาเขตสวรรค์ประชารักษ์
►หนังสือทั่วไป
บนชั้น

รายการใกล้เคียง
    หัวเรื่อง [Nursing Care Planning]

BibComment


ยังไม่เคยถูกคอมเมนท์

คอมเมนท์ทรัพยากรรายการนี้
  คอมเมนท์: AllinOne Nursing..


 Copyright 2026. Bcnsprnw @Library